|
|
|
|
| LEADER |
00953naa a2200337 a 4500 |
| 001 |
000080113 |
| 003 |
SVKKK |
| 005 |
20060731152527.0 |
| 008 |
c2001 xr e eng |
| FMT |
|
|
|
| 015 |
|
|
|a SNBRA2006/07-ccccc
|
| 038 |
|
|
|a SVKKK
|
| 040 |
|
|
|a SVKKK
|b slo
|e AACR2
|
| 041 |
0 |
|
|a eng
|b eng
|
| 044 |
|
|
|a xr
|c SK
|
| 080 |
|
|
|a 622.33
|2 1997
|
| 080 |
|
|
|a 622`17
|2 1997
|
| 100 |
1 |
|
|a Rainbow, A.K.M.
|4 aut
|
| 242 |
1 |
0 |
|a Minerály z uhoľných asociácií
|
| 245 |
1 |
4 |
|a The minerals associated with coal
|c A.K.M. Rainbow, M.Ia. Shpirt
|
| 504 |
|
|
|a Bibliogr. odkazy
|
| 504 |
|
|
|a Res. angl.
|
| 650 |
0 |
4 |
|a uhlie
|x minerály sprievodné
|x odpady banské
|
| 700 |
1 |
|
|a Shpirt, M.Ia.
|4 aut
|
| 773 |
0 |
|
|t New trends in mineral processing IV, part I
|d Ostrava : Vysoká škola báňská - Technická univerzita, 2001
|z 80-7078-885-2
|g S. 137-141
|
| 958 |
|
|
|a NB
|
| 992 |
|
|
|a RZB
|
| BAS |
|
|
|
| 852 |
|
|
|a SVKKK
|b BIB
|
| EXP |
|
|
|
| 998 |
|
|
|a BAN
|